00872cam a22001814a 4500020001800000040000800018082002600026245011700052260013100169300006000300520009300360650002100453650003100474700002400505700002400529710008000553856005700633 a9788121106252 cDLC a634 FOU 2008 A083 Or.00aAdaptive management of medicinal plants and non-timber forest products :bstrategies, implications, and policy / aDehra Dun :bBishen Singh Mahendra Pal Singh ;aBangalore :bFoundation for Revitalisation of Local Health Traditions,cc2008. axxii, 278 p. :bill. (chiefly col.), col. map ;c24 cm. aContributed articles presented at a workshop held at Bangalore on 24th & 25th Jan. 2006. 0aMedicinal plants 0aNon-timber forest products1 aKinhal, Giridhar A.1 aRao, R. Jagannatha.2 aFoundation for Revitalisation of Local Health Traditions (Bangalore, India)41uhttp://www.loc.gov/catdir/toc/fy0906/2008306610.html